Física experimental analítica
Kaydedildi:
| Yazar: | |
|---|---|
| Materyal Türü: | Kitap |
| Dil: | İspanyolca |
| Baskı/Yayın Bilgisi: |
Buenos Aires
Espasa-Calpe
1946
|
| Konular: | |
| Etiketler: |
Etiketle
Etiket eklenmemiş, İlk siz ekleyin!
|
MARC
| LEADER | 00000nam a2200000 a 4500 | ||
|---|---|---|---|
| 001 | UCT2148 | ||
| 003 | CL-VaPUC | ||
| 008 | 961011e19461206AG |||||||||||||||||spa|d | ||
| 082 | 0 | 4 | |a 530 |b LEM |2 21 |
| 100 | 0 | |a Lemon, Harvey Brace |e author |9 371211 | |
| 245 | 1 | 0 | |a Física experimental analítica |
| 300 | |a v | ||
| 942 | |c BK | ||
| 945 | |d 19961011 00:00:00 |a cmena | ||
| 260 | |a Buenos Aires |b Espasa-Calpe |c 1946 | ||
| 500 | |a v.1: Mecánica | ||
| 650 | 0 | |a Física teórica |9 345827 | |
| 650 | 0 | |a partículas elementales |9 349874 | |
| 650 | 0 | |a Cinemática |9 260942 | |
| 650 | 0 | |a Mecánica |9 260096 | |
| 650 | 0 | |a Mecánica de fluidos |9 259464 | |
| 650 | 0 | |a Oscilaciones |9 344730 | |
| 583 | |a last modification |c 19961011 00:00:00 |k Rodrigo Vera | ||
| 999 | |c 252392 |d 252390 | ||
| 952 | |0 0 |1 0 |4 0 |6 530_000000000000000_LEM_1946 |7 0 |8 A |9 272235 |a BIBCUR |b BIBCUR |d 2019-11-19 |h v.1 |i 1758292 |o 530 LEM 1946 |p 1758292 |r 2025-04-22 |w 2019-11-19 |y BK |k BCB | ||